000 00686cam a2200217 a 4500
001 000007734
005 20200929154259.0
008 880610s1993 sp 001 f spa
020 _a8401422930
020 _a8401426839
040 _aDO-SdBNP
_bspa
_cLC
_dBNPHU
082 _a863.62
_bT692y, 1993
100 1 _aTorrente Ballester, Gonzálo.
_921415
245 1 0 _aYo no soy yo, evidentemente /
_cGonzálo Torrente Ballester.
250 _a3a ed.
260 _aBarcelona :
_bPlaza & Janés,
_c1993.
300 _a311 p. ;
_c18 cm.
490 1 _aAve Fénix
_v193/2.
_aBiblioteca de autor.
830 0 _aAve Fénix ;
_v193/2
_pBiblioteca de autor.
_921416
910 _aCatalogación derivada
999 _c7512
_d7512